<?xml version="1.0" encoding="UTF-8"?>
<record
    xmlns:xsi="http://www.w3.org/2001/XMLSchema-instance"
    xsi:schemaLocation="http://www.loc.gov/MARC21/slim http://www.loc.gov/standards/marcxml/schema/MARC21slim.xsd"
    xmlns="http://www.loc.gov/MARC21/slim">

  <leader>02141nam a2200253   4500</leader>
  <controlfield tag="003">vecauma</controlfield>
  <controlfield tag="005">20260421125606.0</controlfield>
  <controlfield tag="007">ta</controlfield>
  <controlfield tag="008">260421b        ve ||||| |||| 00| 0 spa d</controlfield>
  <datafield tag="020" ind1=" " ind2=" ">
    <subfield code="a">9706610677</subfield>
  </datafield>
  <datafield tag="040" ind1=" " ind2=" ">
    <subfield code="a">vecauma</subfield>
    <subfield code="b">spa</subfield>
    <subfield code="c">vecauma</subfield>
    <subfield code="d">vecauma</subfield>
    <subfield code="e">rda</subfield>
  </datafield>
  <datafield tag="041" ind1=" " ind2=" ">
    <subfield code="a">spa</subfield>
  </datafield>
  <datafield tag="100" ind1="1" ind2=" ">
    <subfield code="e">autor</subfield>
  </datafield>
  <datafield tag="245" ind1="1" ind2=" ">
    <subfield code="a">El poder de la imagen p&#xFA;blica </subfield>
    <subfield code="b">Plan maestro para inspirar confianza y ganar credibilidad </subfield>
    <subfield code="c">/ V&#xED;ctor Gordoa </subfield>
  </datafield>
  <datafield tag="264" ind1=" " ind2=" ">
    <subfield code="a">M&#xE9;xico:</subfield>
    <subfield code="b">Edamex, S.A de C.V.;</subfield>
    <subfield code="c">1999.</subfield>
  </datafield>
  <datafield tag="300" ind1=" " ind2=" ">
    <subfield code="a">265 p&#xE1;ginas.</subfield>
  </datafield>
  <datafield tag="336" ind1=" " ind2=" ">
    <subfield code="a">texto</subfield>
    <subfield code="b">txt</subfield>
    <subfield code="2">rdacontenido</subfield>
  </datafield>
  <datafield tag="337" ind1=" " ind2=" ">
    <subfield code="a">no mediado</subfield>
    <subfield code="b">n</subfield>
    <subfield code="2">rdamedio</subfield>
  </datafield>
  <datafield tag="338" ind1=" " ind2=" ">
    <subfield code="a">volumen</subfield>
    <subfield code="b">nc</subfield>
    <subfield code="2">rdasoporte</subfield>
  </datafield>
  <datafield tag="505" ind1="0" ind2=" ">
    <subfield code="a">La importancia de la imagen p&#xFA;blica /
La ingenier&#xED;a en imagen p&#xFA;blica /
La imagen f&#xED;sica /
La imagen profesional /
La imagen verbal /
La imagen audiovisual /
La imagen ambiental /
</subfield>
  </datafield>
  <datafield tag="520" ind1="3" ind2=" ">
    <subfield code="a">La clave para ganar est&#xE1; en lograr la armon&#xED;a entre el fondo y la forma.

Lograr la preferencia de los clientes, los inversionistas, los jefes, los colaboradores, los votantes o los fans, requiere de un PLAN MAESTRO DE IMAGEN P&#xDA;BLICA que asegure que usted ser&#xE1; identificado como el mejor en su campo, ya sea como persona o como instituci&#xF3;n.

Este es un libro para el empresario que desea crecer, el pol&#xED;tico que busca gobernar, el ejecutivo que quiere ascender, el artista que anhela triunfar y todo aqu&#xE9;l que necesite aprender la ciencia de la comunicaci&#xF3;n del nuevo milenio.

Este libro le revela:

C&#xF3;mo transmitir mensajes positivos sin palabras.
C&#xF3;mo integrar todos los "peque&#xF1;os grandes detalles" que impactar&#xE1;n sinceramente a los dem&#xE1;s.
C&#xF3;mo lograr las diferentes im&#xE1;genes que lo convertir&#xE1;n en un triunfador.
C&#xF3;mo generar las estrategias para lograr una buena imagen p&#xFA;blica.

V&#xED;ctor Gordoa, consultor en imagen p&#xFA;blica de personajes y grandes empresas, comparte con usted los secretos que cambiar&#xE1;n para siempre su forma de comunicarse, llev&#xE1;ndolo de la mano por el nuevo mundo de la INGENIER&#xCD;A EN IMAGEN P&#xDA;BLICA de manera profunda, amena y f&#xE1;cil de entender.
</subfield>
  </datafield>
  <datafield tag="942" ind1=" " ind2="1">
    <subfield code="2">lcc</subfield>
    <subfield code="n">0</subfield>
    <subfield code="c">BK</subfield>
  </datafield>
  <datafield tag="999" ind1=" " ind2=" ">
    <subfield code="c">13406</subfield>
    <subfield code="d">13406</subfield>
  </datafield>
  <datafield tag="952" ind1=" " ind2=" ">
    <subfield code="0">0</subfield>
    <subfield code="1">0</subfield>
    <subfield code="2">lcc</subfield>
    <subfield code="4">0</subfield>
    <subfield code="7">0</subfield>
    <subfield code="8">CG</subfield>
    <subfield code="a">BUMA</subfield>
    <subfield code="b">BUMA</subfield>
    <subfield code="c">GEN</subfield>
    <subfield code="d">2026-04-21</subfield>
    <subfield code="i">48702</subfield>
    <subfield code="l">0</subfield>
    <subfield code="p">2026-0550</subfield>
    <subfield code="r">2026-04-21</subfield>
    <subfield code="w">2026-04-21</subfield>
    <subfield code="y">BK</subfield>
  </datafield>
</record>
